000 00979cad a22002295a 4500
001 E149566
008 100322s2010 xxub f s 000 0 eng d
035 _a(Sirsi) u149566
041 0 _aeng
050 0 4 _a333.33 $2 18
110 2 _aPramerica Real Estate Investors
_95594
245 0 0 _aEuropean quarterly market perspective
_bJanuary 2009
_h[electronic resource]
260 _aParsipanny, NJ
_bPramerica Real Estate Investors
_c2010
490 0 _aPREI European Quarterly Market Perspective
_vJanuary 2010
520 _aReports that the recovery of the European economies is gaining ground. Suggests that transaction levels will increase in 2010, as investors expect rental growth.
521 _aAdvanced
590 _aKA
651 4 _aEurope
690 _aPROPERTY-COMMERCIAL PROPERTY-COMMERCIAL PROPERTY MARKET
856 4 0 _uhttps://www.pramericarei.com/pramerica/pdf/realestate/Pra_EQ_Jan_10.pdf
_zView the item free of charge at www.pramericarei.com...
942 _n0
999 _c110539
_d110539